[Event "EU-chT Seniors 07th"]
[Site "Dresden"]
[Date "2005.02.22"]
[Round "5"]
[White "Klundt, Klaus"]
[Black "Zunker, Reinhard"]
[Result "1-0"]
[WhiteElo "2385"]
[BlackElo "2233"]
[EventDate "2005.02.18"]
[PlyCount "91"]

1.e4 g6 2.d4 d6 3.Nc3 Bg7 4.Nf3 Nd7 5.Bc4 e6 6.Bg5 Bf6 7.h4 a6 8.a4 h6 9.
Be3 b6 10.Qd2 Bg7 11.d5 e5 12.h5 g5 13.Nh2 Ndf6 14.Nf1 Ng4 15.f3 Nxe3 16.
Nxe3 Ne7 17.g4 O-O 18.O-O Kh7 19.Kg2 Ng8 20.Na2 a5 21.Bb5 Ba6 22.Nc3 Nf6 
23.Bxa6 Rxa6 24.Qe2 Ra8 25.Qc4 Nd7 26.Nb5 Nc5 27.c3 Qd7 28.b4 Na6 29.Rfb1 
Rfc8 30.Qc6 Qxc6 31.dxc6 Bf6 32.Nd5 Bd8 33.Na3 Kg7 34.Nc4 axb4 35.cxb4 Kf8
36.Kf2 Rab8 37.Ke2 Ra8 38.Kd3 Rcb8 39.Kc3 Rc8 40.Nce3 Kg7 41.Ra3 Ra7 42.
Rba1 Rb8 43.Kc4 Kh7 44.Nd1 Kg7 45.N1c3 Raa8 46.a5 1-0

[Event "EU-chT Seniors 07th"]
[Site "Dresden"]
[Date "2005.02.22"]
[Round "5"]
[White "Kortschnoj, Viktor"]
[Black "Turikov, Viktor"]
[Result "1/2-1/2"]
[WhiteElo "2617"]
[BlackElo "2351"]
[EventDate "2005.02.18"]
[PlyCount "111"]

1.d4 Nf6 2.c4 e6 3.Nf3 b6 4.a3 Bb7 5.Nc3 Bxf3 6.gxf3 g6 7.Bg5 Bg7 8.Qd2 h6
9.Be3 Nc6 10.Bh3 Ne7 11.d5 Nf5 12.Bxf5 exf5 13.O-O-O d6 14.Bd4 O-O 15.e4 
fxe4 16.fxe4 Nd7 17.Bxg7 Kxg7 18.f4 Qf6 19.Kb1 Rfe8 20.Rde1 a6 21.Ka2 Re7 
22.h4 h5 23.b4 Ree8 24.Kb3 Kh7 25.Rhf1 Qg7 26.e5 dxe5 27.f5 Nf6 28.Re2 
Rad8 29.Qg5 Ng4 30.Ne4 b5 31.cxb5 axb5 32.Rc2 Rd7 33.Rc6 Qh6 34.Nc5 Qxg5 
35.hxg5 Rd6 36.Rxc7 Ne3 37.Ne4 Ra6 38.Rxf7+ Kg8 39.Rf6 Rea8 40.Rxa6 Rxa6 
41.Nc5 Ra7 42.Re1 Nxf5 43.Rxe5 h4 44.Re8+ Kf7 45.Rh8 Kg7 46.Rc8 Kf7 47.Kb2
Ke7 48.Ne4 Rd7 49.Nf6 Rd8 50.Rc6 Rh8 51.Re6+ Kf7 52.Ng4 h3 53.Ne5+ Kg7 54.
Rxg6+ Kh7 55.Rc6 h2 56.Rc7+ 1/2-1/2

[Event "EU-chT Seniors 07th"]
[Site "Dresden"]
[Date "2005.02.22"]
[Round "5"]
[White "Krylov, Stanislav"]
[Black "Bhend, Edwin"]
[Result "0-1"]
[WhiteElo "2234"]
[BlackElo "2240"]
[EventDate "2005.02.18"]
[PlyCount "81"]

1.Nf3 d5 2.d4 Nc6 3.Bg5 f6 4.Bh4 Bf5 5.e3 Qd7 6.Bd3 Nh6 7.Bg3 Bxd3 8.Qxd3 
Nf5 9.c3 O-O-O 10.Nh4 Nxh4 11.Bxh4 e5 12.a3 h5 13.f3 e4 14.Qe2 exf3 15.
Qxf3 g5 16.Bf2 f5 17.Nd2 Re8 18.O-O g4 19.Qd1 h4 20.Re1 Bd6 21.Nf1 Nd8 22.
Re2 Ne6 23.Qe1 Qh7 24.Kh1 Ng5 25.Nd2 Ref8 26.Bg1 c6 27.Rc1 f4 28.exf4 Bxf4
29.Re7 Bxd2 30.Rxh7 Bxe1 31.Rxh8 Rxh8 32.Rxe1 Ne4 33.Be3 Rf8 34.Kg1 h3 35.
gxh3 gxh3 36.Re2 Kd7 37.Bd2 Rf3 38.Be1 Ke6 39.Bf2 Kf5 40.Re3 Rxf2 41.Rxh3 
0-1

[Event "EU-chT Seniors 07th"]
[Site "Dresden"]
[Date "2005.02.22"]
[Round "5"]
[White "Kuehn, Peter2"]
[Black "Hentzschel, Erhard"]
[Result "0-1"]
[WhiteElo "2026"]
[BlackElo "1995"]
[EventDate "2005.02.18"]
[PlyCount "54"]

1.e4 e5 2.Nf3 Nc6 3.d4 exd4 4.Nxd4 Qf6 5.Be3 Bc5 6.c3 Nge7 7.Bc4 Nxd4 8.
cxd4 Bb6 9.O-O d6 10.Nc3 a6 11.f4 Be6 12.Bxe6 fxe6 13.Rf3 O-O-O 14.Qa4 Nc6
15.e5 Qe7 16.d5 Bxe3+ 17.Rxe3 exd5 18.Nxd5 Qe6 19.Qc4 Rhe8 20.exd6 Qxd6 
21.Rd3 Kb8 22.Rad1 Qe6 23.b4 Rd7 24.a4 Red8 25.Re3 Qg4 26.Red3 Ne5 27.Ne3 
Qxd1+ 0-1

[Event "EU-chT Seniors 07th"]
[Site "Dresden"]
[Date "2005.02.22"]
[Round "5"]
[White "Landgraf, Siegfried"]
[Black "Titz, Heimo"]
[Result "1-0"]
[WhiteElo "2161"]
[BlackElo "2176"]
[EventDate "2005.02.18"]
[PlyCount "85"]

1.Nf3 Nf6 2.g3 b6 3.Bg2 Bb7 4.d4 e6 5.O-O c5 6.dxc5 bxc5 7.c4 d6 8.Nc3 Be7
9.Bf4 O-O 10.Qb3 Qb6 11.Nb5 Rd8 12.Rfd1 Ne8 13.Qc2 h6 14.h4 Nc6 15.a3 a6 
16.Nc3 Nd4 17.Nxd4 cxd4 18.Na4 Qa7 19.b4 Bxg2 20.Kxg2 Qb7+ 21.f3 Rdc8 22.
Rac1 e5 23.Bd2 d5 24.c5 Qc6 25.Nb6 e4 26.Nxa8 Rxa8 27.Bf4 Bf6 28.h5 Ra7 
29.a4 Re7 30.Rb1 d3 31.exd3 exf3+ 32.Kxf3 d4+ 33.Kf2 Bg5 34.Re1 Re3 35.
Bxe3 Bxe3+ 36.Rxe3 dxe3+ 37.Kxe3 Nc7 38.Kf2 Qd5 39.Qe2 Ne6 40.Kg1 Ng5 41.
Rc1 f5 42.c6 Qd6 43.Qe8+ 1-0

[Event "EU-chT Seniors 07th"]
[Site "Dresden"]
[Date "2005.02.22"]
[Round "5"]
[White "MacDonald Ross, Michael"]
[Black "Kahn, Manfred"]
[Result "1-0"]
[WhiteElo "2195"]
[BlackElo "2162"]
[EventDate "2005.02.18"]
[PlyCount "87"]

1.Nf3 d5 2.c4 e6 3.g3 Nf6 4.Bg2 c5 5.cxd5 exd5 6.d4 Nc6 7.O-O Be7 8.Nc3 
O-O 9.Be3 Bg4 10.Qa4 Bxf3 11.Bxf3 c4 12.b3 cxb3 13.Qxb3 Na5 14.Qd1 h6 15.
Qd3 Rc8 16.Bf4 Nc4 17.Rfc1 Nb6 18.Rab1 Qd7 19.Rb3 Rfd8 20.Rcb1 Qe6 21.Nb5 
Nc4 22.Nxa7 Ra8 23.Rxb7 Bf8 24.Nb5 Rxa2 25.Nc3 Ra3 26.Bc1 Ra5 27.Nxd5 
Raxd5 28.Qxc4 Rxd4 29.Qxe6 Rd1+ 30.Kg2 fxe6 31.Be3 Rxb1 32.Rxb1 Nd5 33.Ba7
Ra8 34.Rb7 Rc8 35.Bh5 Nf6 36.Bf7+ Kh8 37.Bxe6 Re8 38.Bc4 Ne4 39.Rb8 Rxb8 
40.Bxb8 Bc5 41.e3 Nd6 42.Bd5 g6 43.e4 Kg7 44.f4 1-0

[Event "EU-chT Seniors 07th"]
[Site "Dresden"]
[Date "2005.02.22"]
[Round "5"]
[White "Mann, Klaus Dieter"]
[Black "Wiemer, Juergen"]
[Result "1-0"]
[WhiteElo "2077"]
[BlackElo "2140"]
[EventDate "2005.02.18"]
[PlyCount "75"]

1.e4 c6 2.d4 d5 3.Nc3 dxe4 4.Nxe4 Bf5 5.Ng3 Bg6 6.Nf3 Nd7 7.h4 h6 8.h5 Bh7
9.Bd3 Bxd3 10.Qxd3 Ngf6 11.Bd2 e6 12.O-O-O Bd6 13.Ne4 Nxe4 14.Qxe4 Nf6 15.
Qe2 Qc7 16.g3 O-O-O 17.c4 c5 18.Bc3 Rhe8 19.dxc5 Qxc5 20.Ne5 Bxe5 21.Bxe5 
Ng8 22.Bc3 Nf6 23.Rh4 Rxd1+ 24.Kxd1 Qf5 25.Kc1 e5 26.b3 g5 27.hxg6 fxg6 
28.Bd2 h5 29.Be3 a6 30.Rh1 Ng4 31.Rd1 Nxe3 32.Qxe3 e4 33.Rd5 Qf6 34.Kb1 h4
35.gxh4 Qxh4 36.Qc5+ Kb8 37.Rd7 e3 38.Qc7+ 1-0

[Event "EU-chT Seniors 07th"]
[Site "Dresden"]
[Date "2005.02.22"]
[Round "5"]
[White "Meier, Wolfgang"]
[Black "Appelt, Gerd"]
[Result "1-0"]
[WhiteElo "2159"]
[BlackElo "2196"]
[EventDate "2005.02.18"]
[PlyCount "133"]

1.c4 f5 2.Nc3 Nf6 3.d4 g6 4.g3 Bg7 5.Bg2 O-O 6.Nh3 d6 7.Nf4 c6 8.d5 e5 9.
dxe6 Re8 10.O-O Bxe6 11.Nxe6 Rxe6 12.Qc2 Qe7 13.Bg5 h6 14.Bxf6 Bxf6 15.e3 
Nd7 16.Ne2 Qg7 17.Rab1 Ne5 18.Rfd1 Rd8 19.b4 Re7 20.Rd2 Qf7 21.Rc1 Kh8 22.
Nf4 g5 23.Ne2 Bg7 24.Nd4 Rf8 25.b5 f4 26.exf4 gxf4 27.bxc6 f3 28.Bf1 bxc6 
29.Nb3 Re6 30.Rcd1 Qe7 31.Nd4 Ref6 32.Qe4 Qd7 33.Nb3 Re8 34.Re1 Rff8 35.
Qc2 Nf7 36.Rdd1 Ng5 37.h4 Nf7 38.Rxe8 Rxe8 39.Qd2 Qg4 40.Re1 Be5 41.Qc2 
Rg8 42.Qe4 h5 43.Bd3 Rg7 44.Re3 c5 45.Rxf3 Qxe4 46.Bxe4 Nh6 47.Rf8+ Rg8 
48.Rxg8+ Kxg8 49.Bg6 Kg7 50.Bxh5 Kf6 51.Bf3 Nf5 52.Be4 Nh6 53.Kg2 Bc3 54.
Kf3 Ke5 55.Bd5 Nf5 56.Ke2 a5 57.a4 Ne7 58.Bb7 d5 59.f4+ Ke6 60.Bxd5+ Nxd5 
61.cxd5+ Kxd5 62.h5 c4 63.Nc1 Ke4 64.h6 Kf5 65.Kf3 Kg6 66.g4 Kxh6 67.Ke4 
1-0

[Event "EU-chT Seniors 07th"]
[Site "Dresden"]
[Date "2005.02.22"]
[Round "5"]
[White "Morgner, Siegfried"]
[Black "Flockhart, Hugh"]
[Result "1/2-1/2"]
[WhiteElo "1964"]
[BlackElo "1934"]
[EventDate "2005.02.18"]
[PlyCount "41"]

1.Nf3 Nf6 2.d4 d5 3.c4 e6 4.Nc3 Be7 5.e3 O-O 6.Bd3 b6 7.Qc2 dxc4 8.Bxc4 
Ba6 9.Bxa6 Nxa6 10.a3 c5 11.O-O Rc8 12.Qe2 Nc7 13.Rd1 Qe8 14.dxc5 Bxc5 15.
b4 Be7 16.e4 Qc6 17.Bb2 Rfd8 18.Ne5 Qb7 19.b5 Bf8 20.Nc6 Rxd1+ 21.Rxd1 
1/2-1/2

[Event "EU-chT Seniors 07th"]
[Site "Dresden"]
[Date "2005.02.22"]
[Round "5"]
[White "Opl, Klaus"]
[Black "Villing, Dieter"]
[Result "1-0"]
[WhiteElo "2324"]
[BlackElo "2211"]
[EventDate "2005.02.18"]
[PlyCount "73"]

1.e4 d6 2.d4 Nf6 3.Nc3 c6 4.f4 Qa5 5.Bd3 e5 6.dxe5 dxe5 7.f5 Nbd7 8.Nf3 b5
9.O-O Bc5+ 10.Kh1 b4 11.Nb1 Ba6 12.Nbd2 O-O-O 13.Nb3 Qb6 14.Qe2 Bxd3 15.
cxd3 Qb5 16.Be3 Bxe3 17.Qxe3 Qb6 18.Qxb6 axb6 19.a3 bxa3 20.Rxa3 Rhe8 21.
Nbd2 Nc5 22.Ra7 Rxd3 23.Rxf7 Rd7 24.Rxd7 Kxd7 25.Ra1 Ncxe4 26.Nc4 Ke7 27.
Nfxe5 Kf8 28.Nxc6 Ng4 29.Nxb6 Nef2+ 30.Kg1 Nd3 31.b4 Re2 32.Nd5 Ne1 33.
Ra8+ Kf7 34.Nd8+ Ke8 35.Ne6+ Kd7 36.Rd8+ Kc6 37.Nd4+ 1-0

[Event "EU-chT Seniors 07th"]
[Site "Dresden"]
[Date "2005.02.22"]
[Round "5"]
[White "Packroff, Hermann"]
[Black "Duemmke, Juergen"]
[Result "1/2-1/2"]
[WhiteElo "2262"]
[BlackElo "2136"]
[EventDate "2005.02.18"]
[PlyCount "31"]

1.Nf3 c5 2.e4 Nc6 3.d4 cxd4 4.Nxd4 e5 5.Nb5 a6 6.Nd6+ Bxd6 7.Qxd6 Qf6 8.
Qc7 Qg6 9.Nc3 Nge7 10.Be3 d5 11.Nxd5 Qxe4 12.Nxe7 Qb4+ 13.c3 Qxe7 14.Qb6 
O-O 15.O-O-O Bf5 16.Bd3 1/2-1/2

[Event "EU-chT Seniors 07th"]
[Site "Dresden"]
[Date "2005.02.22"]
[Round "5"]
[White "Pemberton, Clive H"]
[Black "Zanger, Konrad"]
[Result "1/2-1/2"]
[WhiteElo "2025"]
[BlackElo "1603"]
[EventDate "2005.02.18"]
[PlyCount "103"]

1.e4 e5 2.d4 exd4 3.Bc4 Qe7 4.Qe2 Nc6 5.Nf3 h6 6.O-O d6 7.c3 Bg4 8.Bb5 
Bxf3 9.Qxf3 Qf6 10.Qd1 a6 11.Qa4 axb5 12.Qxa8+ Nd8 13.a4 Qe5 14.axb5 Be7 
15.Qa4 Nf6 16.cxd4 Qxe4 17.Nc3 Qe6 18.Bd2 O-O 19.Rae1 Qd7 20.d5 b6 21.f4 
Nb7 22.b4 Re8 23.Rf3 Kf8 24.Rfe3 Ng4 25.R3e2 f5 26.Qc2 Nf6 27.Qd3 Nd8 28.
h3 Nf7 29.Re3 Bd8 30.Rxe8+ Nxe8 31.Ne2 Nf6 32.Ng3 g6 33.Re6 Nh8 34.Bc3 Kf7
35.Qd4 Nxd5 36.Qxd5 Qxe6 37.Qxe6+ Kxe6 38.Bxh8 Kd5 39.Bc3 Kc4 40.Be1 Kxb5 
41.Ne2 c5 42.bxc5 dxc5 43.Kf2 Kc4 44.Ke3 b5 45.Bc3 b4 46.Be5 Kd5 47.Kd3 
c4+ 48.Kc2 Bb6 49.Kd2 Ke4 50.Ng3+ Kd5 51.Ne2 Ke4 52.Ng3+ 1/2-1/2

[Event "EU-chT Seniors 07th"]
[Site "Dresden"]
[Date "2005.02.22"]
[Round "5"]
[White "Perk, Egbert"]
[Black "Schroeder, Christian"]
[Result "0-1"]
[WhiteElo "1980"]
[BlackElo "2079"]
[EventDate "2005.02.18"]
[PlyCount "56"]

1.d4 d5 2.c4 c6 3.Nf3 Nf6 4.Nc3 dxc4 5.a4 Bf5 6.e3 e6 7.Bxc4 Bb4 8.O-O O-O
9.Qe2 Nbd7 10.Bd2 Qe7 11.e4 Bg4 12.e5 Nd5 13.Ne4 c5 14.Bxb4 Nxb4 15.Nxc5 
Nxc5 16.dxc5 Qxc5 17.Rac1 Bxf3 18.gxf3 Rac8 19.Rc3 Qa5 20.Qe4 Rc7 21.f4 g6
22.Rg3 Qxa4 23.Bd3 Qa5 24.Bb1 Nc6 25.Rc1 Rd7 26.Qg2 Rfd8 27.Bc2 Qd2 28.Qf1
Qxf4 0-1

[Event "EU-chT Seniors 07th"]
[Site "Dresden"]
[Date "2005.02.22"]
[Round "5"]
[White "Petzold, Hans"]
[Black "Wheeler, John Francis"]
[Result "0-1"]
[WhiteElo "2137"]
[BlackElo "2220"]
[EventDate "2005.02.18"]
[PlyCount "76"]

1.e4 e5 2.Nf3 Nf6 3.Nxe5 d6 4.Nf3 Nxe4 5.Nc3 Nxc3 6.dxc3 Be7 7.Bf4 O-O 8.
Qd2 Bg4 9.Be2 Nd7 10.h3 Bxf3 11.Bxf3 Ne5 12.Be2 Ng6 13.Be3 h6 14.O-O-O Re8
15.Kb1 Bg5 16.Bxg5 Qxg5 17.Qxg5 hxg5 18.Bf3 Rab8 19.g3 Re6 20.Rhf1 Kf8 21.
b3 c6 22.Rd2 d5 23.Bg4 Re7 24.Bf5 Ne5 25.f4 gxf4 26.Rxf4 g6 27.Bd3 Rbe8 
28.Kb2 Nxd3+ 29.Rxd3 Re3 30.Rfd4 Rxd3 31.Rxd3 Re4 32.a4 f5 33.Kc1 Ke7 34.
Kd2 g5 35.Rf3 Ke6 36.Rf1 Ke5 37.Rh1 f4 38.g4 f3 0-1

[Event "EU-chT Seniors 07th"]
[Site "Dresden"]
[Date "2005.02.22"]
[Round "5"]
[White "Pipitone, Antonio"]
[Black "Kristiansen, Erling"]
[Result "0-1"]
[WhiteElo "2054"]
[BlackElo "2267"]
[EventDate "2005.02.18"]
[PlyCount "132"]

1.e4 e5 2.Nf3 Nc6 3.Bb5 a6 4.Ba4 Nf6 5.O-O Be7 6.Re1 b5 7.Bb3 O-O 8.c3 d5 
9.exd5 Nxd5 10.Nxe5 Nxe5 11.Rxe5 c6 12.d4 Bd6 13.Re1 Qh4 14.g3 Qh3 15.Qd3 
Bf5 16.Qf1 Qh5 17.Be3 Bh3 18.Qe2 Bg4 19.Qf1 Rae8 20.Nd2 Re6 21.a4 Rfe8 22.
axb5 axb5 23.Bxd5 Qxd5 24.Qg2 Qh5 25.Ra6 Bh3 26.Qf3 Bg4 27.Qg2 f5 28.Rxc6 
f4 29.gxf4 Bh3 30.Qg3 Rg6 31.Rxd6 Rxd6 32.f5 Rd5 33.Qf3 Rxf5 34.Qxh5 Rxh5 
35.f3 Rh6 36.Bxh6 Rxe1+ 37.Kf2 Rc1 38.Bf4 Rc2 39.d5 Rxb2 40.Ke3 b4 41.cxb4
Rxb4 42.Ne4 Rb3+ 43.Kf2 Rd3 44.d6 Rd5 45.Ng5 Bf5 46.h4 h6 47.Ne4 Kf7 48.
Ke3 Ke6 49.Bg3 g5 50.hxg5 Bxe4 51.Kxe4 Rxg5 52.Bf4 Rg6 53.Ke3 h5 54.Kf2 h4
55.Bh2 Rg7 56.Bf4 h3 57.Bg3 Kf5 58.f4 Rd7 59.Bh2 Kg4 60.f5 Rf7 61.Ke3 Rxf5
62.Ke4 Rf2 63.Be5 Re2+ 64.Kd5 Kf5 65.Bg3 h2 66.Bxh2 Rxh2 0-1

[Event "EU-chT Seniors 07th"]
[Site "Dresden"]
[Date "2005.02.22"]
[Round "5"]
[White "Potthammel, Joerg"]
[Black "Mueller Using, Detlev"]
[Result "1-0"]
[WhiteElo "2104"]
[BlackElo "2062"]
[EventDate "2005.02.18"]
[PlyCount "53"]

1.e4 e6 2.d4 d5 3.Nc3 Nf6 4.Bg5 Bb4 5.e5 h6 6.Bd2 Bxc3 7.bxc3 Ne4 8.Qg4 
Kf8 9.h4 c5 10.Bd3 Nxd2 11.Kxd2 Nc6 12.Rh3 h5 13.Qf4 Qe7 14.Rf3 Kg8 15.Nh3
cxd4 16.cxd4 Bd7 17.Rb1 Be8 18.c3 Rh6 19.Rg3 Kh8 20.Qg5 f6 21.exf6 Rxf6 
22.Nf4 e5 23.dxe5 Nxe5 24.Re1 Nc4+ 25.Bxc4 Qc7 26.Rxe8+ Rxe8 27.Qxh5+ 1-0

[Event "EU-chT Seniors 07th"]
[Site "Dresden"]
[Date "2005.02.22"]
[Round "5"]
[White "Reinholz, Siegfried"]
[Black "Harzer, Paul"]
[Result "1/2-1/2"]
[WhiteElo "2098"]
[BlackElo "2123"]
[EventDate "2005.02.18"]
[PlyCount "20"]

1.e4 d5 2.exd5 Nf6 3.d4 Bg4 4.Be2 Bxe2 5.Nxe2 Qxd5 6.O-O Nc6 7.b3 O-O-O 8.
Nbc3 Qf5 9.Bb2 e6 10.Ng3 Qa5 1/2-1/2

[Event "EU-chT Seniors 07th"]
[Site "Dresden"]
[Date "2005.02.22"]
[Round "5"]
[White "Reuben, Stewart"]
[Black "Chaikovskaia, Alla"]
[Result "1-0"]
[WhiteElo "2147"]
[BlackElo "2031"]
[EventDate "2005.02.18"]
[PlyCount "67"]

1.c4 e5 2.g3 c6 3.Bg2 Nf6 4.d4 e4 5.Nc3 d5 6.Bg5 Be7 7.cxd5 cxd5 8.Qb3 Be6
9.Qxb7 Nbd7 10.Bf4 O-O 11.Nh3 Qa5 12.Bc7 Nb6 13.O-O Bb4 14.Rfc1 Bxc3 15.
Rxc3 Qb5 16.Rb3 Qxe2 17.Nf4 Qd2 18.Bxb6 axb6 19.Nxe6 fxe6 20.Qxb6 Kh8 21.
Qb4 Qc2 22.Qc3 Qe2 23.Qe3 Qh5 24.h3 e5 25.a4 exd4 26.Qxd4 Rfc8 27.Rb5 Rc4 
28.Qxc4 dxc4 29.Rxh5 Nxh5 30.Bxe4 Rc8 31.a5 Nf6 32.Bb7 Rd8 33.a6 Ne8 34.a7
1-0

[Event "EU-chT Seniors 07th"]
[Site "Dresden"]
[Date "2005.02.22"]
[Round "5"]
[White "Rodriguez Vargas, Orestes"]
[Black "Walter, Guenter"]
[Result "1-0"]
[WhiteElo "2439"]
[BlackElo "2271"]
[EventDate "2005.02.18"]
[PlyCount "69"]

1.d4 Nf6 2.c4 e6 3.Nf3 b6 4.Bf4 Bb7 5.e3 Be7 6.h3 O-O 7.Nc3 d5 8.cxd5 Nxd5
9.Nxd5 Bxd5 10.Bd3 c5 11.dxc5 Bxf3 12.gxf3 Nd7 13.cxb6 Qxb6 14.O-O Qxb2 
15.Be4 Rad8 16.Bc7 f5 17.Bxd8 Rxd8 18.Bc6 Ne5 19.Qa4 Qb6 20.Rfc1 Rd6 21.
Ba8 Qb8 22.f4 Nd3 23.Rc6 Qxa8 24.Rxd6 Bxd6 25.Qa6 Bxf4 26.Qxd3 Be5 27.Rc1 
h6 28.Qd7 Qe4 29.Qxe6+ Kh7 30.Qc6 Qd3 31.Kg2 Qd8 32.Rc5 Qg5+ 33.Kf1 Qe7 
34.Qd5 Bd6 35.Rc6 1-0

[Event "EU-chT Seniors 07th"]
[Site "Dresden"]
[Date "2005.02.22"]
[Round "5"]
[White "Rovenski, Evjenij"]
[Black "Eskandary, Jahja"]
[Result "1-0"]
[WhiteElo "2275"]
[BlackElo "2146"]
[EventDate "2005.02.18"]
[PlyCount "75"]

1.c4 e5 2.Nc3 Nc6 3.g3 Bc5 4.Bg2 d6 5.e3 Nge7 6.Nge2 Nf5 7.a3 a5 8.b3 Bd7 
9.Bb2 Qc8 10.Nb5 Nce7 11.d4 exd4 12.e4 Nh6 13.Bxd4 Bxd4 14.Nexd4 O-O 15.
O-O Nc6 16.Qd2 f6 17.Nc3 Nxd4 18.Qxd4 Nf7 19.Nd5 Re8 20.c5 Bc6 21.cxd6 
Bxd5 22.Qxd5 Rd8 23.e5 c6 24.Qc4 fxe5 25.f4 e4 26.Bxe4 Qh3 27.Rad1 Rd7 28.
Qc5 Qh6 29.Bd3 Rxd6 30.Bc4 Rad8 31.Rxd6 Qxd6 32.Qxa5 Qd4+ 33.Rf2 g6 34.f5 
b6 35.Qa7 Rd7 36.Qa8+ Rd8 37.Qxc6 gxf5 38.Qe6 1-0

[Event "EU-chT Seniors 07th"]
[Site "Dresden"]
[Date "2005.02.22"]
[Round "5"]
[White "Ruf, Karl"]
[Black "Tochtermann, Georg"]
[Result "0-1"]
[WhiteElo "1604"]
[BlackElo "2000"]
[EventDate "2005.02.18"]
[PlyCount "86"]

1.e4 d6 2.d4 Nf6 3.Nc3 c6 4.Bc4 b5 5.Bd3 b4 6.Nce2 g6 7.h3 Bg7 8.Nf3 O-O 
9.O-O Ba6 10.a3 Qb6 11.axb4 Bxd3 12.Qxd3 Qxb4 13.c3 Qb5 14.Qc2 Nbd7 15.Ng3
Qb7 16.Be3 Rfb8 17.b4 Rc8 18.Qd2 c5 19.bxc5 Nxe4 20.Nxe4 Qxe4 21.cxd6 exd6
22.Ra6 Nb6 23.Rfa1 Nc4 24.Qe1 Rc7 25.Nd2 Nxd2 26.Qxd2 d5 27.Bf4 Rb7 28.Qc1
Qe7 29.Bd6 Qe2 30.R1a2 Qd3 31.Ra1 Qe4 32.Bc5 Rab8 33.Bb4 Bxd4 34.cxd4 Rxb4
35.Qc7 Qxd4 36.Rxa7 Qf6 37.R1a6 Rb1+ 38.Kh2 Qxf2 39.Ra3 Qg1+ 40.Kg3 R1b3+ 
41.Rxb3 Rxb3+ 42.Kh4 Qf2+ 43.g3 Qf6+ 0-1

[Event "EU-chT Seniors 07th"]
[Site "Dresden"]
[Date "2005.02.22"]
[Round "5"]
[White "Schenk, Dieter"]
[Black "Planas Ferret, Rossen"]
[Result "0-1"]
[WhiteElo "2000"]
[BlackElo "2233"]
[EventDate "2005.02.18"]
[PlyCount "34"]

1.e4 c6 2.d4 d5 3.exd5 cxd5 4.c4 Nf6 5.Nc3 e6 6.c5 Be7 7.Bf4 O-O 8.h3 Nc6 
9.Nf3 Bd7 10.Rb1 Ne4 11.Bd3 f5 12.Qc1 Bf6 13.Qe3 b6 14.Bxe4 fxe4 15.Ne5 
bxc5 16.Nxc6 Bxc6 17.Be5 Bxe5 0-1

[Event "EU-chT Seniors 07th"]
[Site "Dresden"]
[Date "2005.02.22"]
[Round "5"]
[White "Schenk, Manfred"]
[Black "Anguera Maestro, Jaime"]
[Result "1/2-1/2"]
[WhiteElo "2177"]
[BlackElo "2159"]
[EventDate "2005.02.18"]
[PlyCount "62"]

1.d4 Nf6 2.Nf3 g6 3.g3 b6 4.Bg2 Bb7 5.O-O Bg7 6.c4 O-O 7.Nc3 d6 8.Re1 Nbd7
9.e4 e5 10.dxe5 dxe5 11.Bg5 h6 12.Bxf6 Bxf6 13.Qd2 Kg7 14.Rad1 Nc5 15.Nd5 
Bxd5 16.cxd5 Qd6 17.b4 Nb7 18.Rc1 a5 19.a3 axb4 20.axb4 Ra4 21.Rb1 Be7 22.
Qc3 f6 23.Rec1 Bd8 24.Bh3 Qe7 25.Qc6 Ra7 26.Nd2 Nd6 27.Ra1 Rxa1 28.Rxa1 f5
29.exf5 gxf5 30.Nc4 Rf6 31.Ne3 h5 1/2-1/2

[Event "EU-chT Seniors 07th"]
[Site "Dresden"]
[Date "2005.02.22"]
[Round "5"]
[White "Simmchen, Werner"]
[Black "Shapiro, Yosip"]
[Result "1/2-1/2"]
[WhiteElo "2125"]
[BlackElo "2123"]
[EventDate "2005.02.18"]
[PlyCount "124"]

1.d4 Nf6 2.Nc3 d5 3.Bg5 e6 4.e4 Be7 5.e5 Nfd7 6.h4 a6 7.Qg4 Bxg5 8.hxg5 c5
9.dxc5 Nxe5 10.Qg3 Ned7 11.g6 f5 12.gxh7 Qf6 13.Be2 Nf8 14.O-O-O Rxh7 15.
Rxh7 Nxh7 16.Bh5+ Kf8 17.Kb1 Nd7 18.Re1 f4 19.Qg4 Ne5 20.Qe2 Nc4 21.Qd3 
Kg8 22.b3 Na3+ 23.Kc1 Qg5 24.Bf3 Bd7 25.Nh3 Qf6 26.Qd2 Rc8 27.Kb2 Rxc5 28.
Kxa3 Rxc3 29.Nxf4 Rc5 30.Nd3 Qd4 31.Re2 Rc3 32.Ne5 Qxd2 33.Rxd2 Rc7 34.c4 
Nf6 35.cxd5 exd5 36.Bxd5+ Nxd5 37.Rxd5 Bb5 38.Rd8+ Kh7 39.Rd2 Rc5 40.f4 g5
41.Kb4 b6 42.a4 gxf4 43.Nd7 a5+ 44.Ka3 Bxd7 45.Rxd7+ Kg6 46.Rd6+ Kf5 47.
Rxb6 Rc2 48.Rb5+ Kg4 49.Rxa5 Rxg2 50.Ra8 f3 51.a5 f2 52.Rf8 Kg3 53.Kb4 Rg1
54.Kb5 Rb1 55.b4 Rb3 56.Rxf2 Kxf2 57.a6 Ke3 58.Kc4 Ra3 59.b5 Ke4 60.Kc5 
Ke5 61.Kb6 Kd4 62.Kb7 Kc5 1/2-1/2

[Event "EU-chT Seniors 07th"]
[Site "Dresden"]
[Date "2005.02.22"]
[Round "5"]
[White "Staller, Peter"]
[Black "Hecht, Hans Joachim"]
[Result "1/2-1/2"]
[WhiteElo "2279"]
[BlackElo "2381"]
[EventDate "2005.02.18"]
[PlyCount "36"]

1.c4 Nf6 2.Nc3 e6 3.d4 Bb4 4.e3 O-O 5.Ne2 d5 6.a3 Be7 7.cxd5 exd5 8.g3 c6 
9.Bg2 Re8 10.O-O Nbd7 11.Nf4 Bd6 12.Nd3 Nf8 13.f3 Ne6 14.Nf2 c5 15.dxc5 
Bxc5 16.Bd2 d4 17.exd4 Bxd4 18.Kh1 Bd7 1/2-1/2

[Event "EU-chT Seniors 07th"]
[Site "Dresden"]
[Date "2005.02.22"]
[Round "5"]
[White "Stavenhagen, Johannes"]
[Black "Crombleholme, Alan"]
[Result "0-1"]
[WhiteElo "1848"]
[BlackElo "2098"]
[EventDate "2005.02.18"]
[PlyCount "76"]

1.d4 d5 2.c4 c6 3.cxd5 cxd5 4.Nc3 Nf6 5.Qb3 Nc6 6.e3 e6 7.Nf3 Be7 8.Be2 
O-O 9.O-O a6 10.Bd2 b5 11.Rac1 Bb7 12.a4 b4 13.Na2 Qb6 14.Bd3 Rfc8 15.Ng5 
h6 16.Nf3 Nd7 17.g4 Na5 18.Qd1 Nc4 19.b3 Nb2 20.Qe2 Nxd3 21.Qxd3 a5 22.
Rfe1 Bf6 23.h4 Qd8 24.Kg2 Bxh4 25.Rh1 Rxc1 26.Nxc1 Bf6 27.Rh5 Nf8 28.Qb1 
Ba6 29.Nd3 Bxd3 30.Qxd3 Qd7 31.Ne5 Bxe5 32.dxe5 Rc8 33.Kg3 Qc6 34.f4 Nd7 
35.Be1 Nc5 36.Qe2 Ne4+ 37.Kf3 d4 38.Qc4 Nd2+ 0-1

[Event "EU-chT Seniors 07th"]
[Site "Dresden"]
[Date "2005.02.22"]
[Round "5"]
[White "Taksrud, Vidar"]
[Black "Rotelli, Pietro"]
[Result "1-0"]
[WhiteElo "2025"]
[BlackElo "2005"]
[EventDate "2005.02.18"]
[PlyCount "93"]

1.d4 d5 2.Nf3 Nf6 3.g3 g6 4.Bg2 Bg7 5.O-O O-O 6.c4 c6 7.Nc3 Nbd7 8.cxd5 
cxd5 9.Qb3 Nb6 10.Rd1 e6 11.Bf4 Nh5 12.Bg5 f6 13.Bd2 Nc4 14.Be1 f5 15.e3 
Rb8 16.a4 a6 17.Qa2 Bd7 18.b3 Nd6 19.a5 Nf6 20.Na4 Bxa4 21.Qxa4 Nfe4 22.
Bb4 Rf7 23.Bf1 Rc7 24.Qa3 Nf7 25.Rac1 Rbc8 26.Bc5 Nxc5 27.dxc5 Ne5 28.Nd4 
Qe7 29.b4 Nc6 30.Ne2 g5 31.Bg2 h5 32.Qb3 Na7 33.Bf3 h4 34.gxh4 g4 35.Bg2 
Qxh4 36.Nf4 Be5 37.Bxd5 Bxf4 38.Bxe6+ Kg7 39.exf4 Rh8 40.Qc3+ Kg6 41.Bxf5+
Kxf5 42.Qe5+ Kg6 43.f5+ Kg5 44.Qxc7 Nc6 45.Qg7+ Kf4 46.Rc4+ Kf3 47.Qc3+ 
1-0

[Event "EU-chT Seniors 07th"]
[Site "Dresden"]
[Date "2005.02.22"]
[Round "5"]
[White "Thiessen, Klaus Hinrich"]
[Black "Richardson, Keith B"]
[Result "1/2-1/2"]
[WhiteElo "2237"]
[BlackElo "2222"]
[EventDate "2005.02.18"]
[PlyCount "37"]

1.d4 Nf6 2.c4 g6 3.Nc3 Bg7 4.Bg5 O-O 5.e3 c5 6.Nf3 cxd4 7.exd4 Na6 8.Be2 
Nc7 9.d5 d6 10.O-O e5 11.Qc1 Qd7 12.Bd1 Nh5 13.Ba4 Qg4 14.Be7 Nf4 15.Ne1 
Nh3+ 16.Kh1 Qxc4 17.Nf3 Nf4 18.Nd2 Qa6 19.Nde4 1/2-1/2

[Event "EU-chT Seniors 07th"]
[Site "Dresden"]
[Date "2005.02.22"]
[Round "5"]
[White "Uhlmann, Wolfgang"]
[Black "Schmidt, Wolfgang3"]
[Result "0-1"]
[WhiteElo "2420"]
[BlackElo "2317"]
[EventDate "2005.02.18"]
[PlyCount "136"]

1.c4 Nf6 2.Nc3 d6 3.d4 Nbd7 4.e4 e5 5.Nf3 g6 6.Be2 Bg7 7.O-O O-O 8.Be3 Ng4
9.Bg5 f6 10.Bd2 Nh6 11.Qc2 c6 12.Rad1 Qe7 13.b4 f5 14.Bg5 Qe8 15.d5 Nf7 
16.Bc1 Nf6 17.Ng5 f4 18.Nxf7 Rxf7 19.dxc6 bxc6 20.b5 Bf8 21.bxc6 Qxc6 22.
c5 Be6 23.cxd6 Rc8 24.Bb2 Rb7 25.Ba1 Bxd6 26.Qd3 Bb8 27.Nd5 Kf7 28.g3 g5 
29.gxf4 gxf4 30.Kh1 Rd7 31.Bf3 Qc2 32.Qxc2 Rxc2 33.Rb1 Bd6 34.Rb2 Rxb2 35.
Bxb2 Rb7 36.Bc3 Nxd5 37.exd5 Bf5 38.Bh5+ Kf6 39.f3 Rc7 40.Rc1 Rc5 41.Be8 
Rxd5 42.Be1 Rc5 43.Rd1 Ke7 44.Bh5 Rc2 45.Bh4+ Kd7 46.Kg1 Rxa2 47.Bf7 Rb2 
48.Bf2 a5 49.Bc4 Rb1 50.Rxb1 Bxb1 51.Bb5+ Kc7 52.Ba4 Bb4 53.Kg2 Bf5 54.Kf1
Bd3+ 55.Kg2 Kd6 56.Ba7 Bc3 57.Kh3 Ke6 58.Kg4 Kf6 59.Bf2 Ke6 60.Kg5 Be2 61.
Bc6 Bd1 62.Kh6 a4 63.Bc5 Bb2 64.Kxh7 a3 65.Bxa3 Bxa3 66.h4 Kf6 67.Be4 Bb3 
68.h5 Kg5 0-1